[Event "AUTO-ADV-4449"]
[Site "http://www.queenalice.com/game.php?id=1639825"]
[Date "2021.1.14"]
[Round "1"]
[White "Alex_ac"]
[Black "andrelazcano"]
[Result "1-0"]
[WhiteElo "1955"]
[BlackElo "1825"]

1. d4 d5 2. e3 g6 3. c4 Nf6 4. h3 dxc4 5. Bxc4 e6 6. a3 Ne4 7. Bd3 Qd5 8. Nc3
Nxc3 9. bxc3 Nd7 10. Nf3 f5 11. O-O Be7 12. c4 Qc6 13. c5 Bf6 14. Rb1 b6 15. Bb5
Qd5 16. Qa4 a6 17. Bc6 b5 18. Bxd5 bxa4 19. Bxa8 O-O 20. Bc6 g5 21. Bxa4 g4 22.
hxg4 fxg4 23. Nh2 h5 24. Bxd7 Bxd7 25. Rb7 Bd8 26. Bd2 Bb5 27. Rb1 c6 28. Nf1 h4
29. Kh2 Rxf2 30. Rd7 Bf6 31. Ng3 hxg3+ 32. Kxg3 Rxd2 33. Rh1 e5 34. Rd6 Kg7 35.
Rd7+ 1-0

[Event "AUTO-OPEN-4252"]
[Site "http://www.queenalice.com/game.php?id=1641423"]
[Date "2021.1.25"]
[Round "1"]
[White "Artking"]
[Black "andrelazcano"]
[Result "0-1"]
[WhiteElo "2094"]
[BlackElo "1724"]

1. e4 e5 2. f4 exf4 3. Nf3 d6 4. Bc4 g5 5. h4 f6 6. hxg5 fxg5 7. Nc3 Nf6 8. Nxg5
Bg4 9. Ne2 d5 10. Bb3 Rg8 11. Nxh7 Rh8 12. Nxf6+ Qxf6 13. Kf2 f3 14. e5 fxe2+
15. exf6 exd1=Q 16. Rxd1 Bxd1 17. Bxd5 Bc5+ 18. Kg3 Nc6 19. d4 Bd6+ 20. Kf2 Bxc2
21. f7+ Kd7 22. Bg5 Rh5 0-1

[Event "AUTO-OPEN-4252"]
[Site "http://www.queenalice.com/game.php?id=1641424"]
[Date "2021.1.25"]
[Round "1"]
[White "andrelazcano"]
[Black "Artking"]
[Result "0-1"]
[WhiteElo "1758"]
[BlackElo "2108"]

1. e4 d5 2. e5 Bf5 3. d4 e6 4. Bd3 Bg6 5. Nf3 c5 6. c4 Ne7 7. b3 Nbc6 8. Bxg6
Nxg6 9. Qe2 Rc8 10. Be3 cxd4 11. Nxd4 Bb4+ 12. Nd2 Bc3 13. Rc1 Bxd4 14. O-O Bxe5
15. f4 Bd6 16. f5 Nh4 17. fxe6 fxe6 18. Qh5+ g6 19. Qg4 Nf5 20. Bg5 Qb6+ 21. Kh1
Ne5 22. Qe2 O-O 23. g4 Nd4 24. Qg2 dxc4 25. Bf4 Rxf4 26. Rxf4 Nd3 27. Rxd4 Qxd4
28. Rf1 c3 29. Qxb7 Rc7 30. Qa8+ Kg7 31. Ne4 c2 32. Nxd6 Qxd6 33. Qe8 Qc6+ 34.
Qxc6 Rxc6 0-1

[Event "AUTO-OPEN-4252"]
[Site "http://www.queenalice.com/game.php?id=1641453"]
[Date "2021.1.25"]
[Round "1"]
[White "andrelazcano"]
[Black "jpribeiro"]
[Result "1-0"]
[WhiteElo "1828"]
[BlackElo "1940"]

1. e4 e5 2. Nf3 Nf6 3. d3 d6 4. b3 Be7 5. c4 c5 6. Bg5 O-O 7. Bxf6 Bxf6 8. a3
Nc6 9. Qd2 a5 10. Nc3 Bg4 11. Be2 Bxf3 12. Bxf3 Bg5 13. Qb2 Nd4 14. O-O Qb6 15.
Nd5 Qxb3 16. Qxb3 Nxb3 17. Rad1 Nd4 18. Bg4 Ne6 19. Rb1 Rab8 20. g3 g6 21. f4
exf4 22. gxf4 Bd8 23. f5 Nc7 24. fxg6 hxg6 25. Nb6 Re8 26. Nd7 Ra8 27. Rxb7 Ne6
28. Bxe6 Rxe6 29. e5 dxe5 30. Kh1 Be7 31. Nb6 Ra6 32. Nd5 Bd8 33. Rbxf7 Re8 34.
h4 e4 35. dxe4 Rae6 36. Nc7 Bxc7 37. Rxc7 Rxe4 38. Rxc5 R8e5 39. Rc8+ Kh7 40.
Rf7+ 1-0

[Event "AUTO-OPEN-4252"]
[Site "http://www.queenalice.com/game.php?id=1641454"]
[Date "2021.1.25"]
[Round "1"]
[White "jpribeiro"]
[Black "andrelazcano"]
[Result "1-0"]
[WhiteElo "1906"]
[BlackElo "1754"]

1. e4 e5 2. Nf3 Bd6 3. d4 exd4 4. Qxd4 f6 5. c4 Ne7 6. c5 Nbc6 7. Qc3 Be5 8.
Nxe5 Nxe5 9. f4 N5c6 10. Bc4 b6 11. Be3 Ng6 12. O-O Qe7 13. Nd2 d6 14. b4 a5 15.
Bd5 Bb7 16. cxd6 axb4 17. Bxc6+ Kf7 18. Qb3+ Qe6 19. Qxe6+ Kxe6 20. Bxb7 Ra3 21.
Bd5+ Kd7 22. Nc4 Ra7 23. dxc7 Rxc7 24. Bxb6 Rb7 25. Bxb7 1-0

[Event "AUTO-OPEN-4252"]
[Site "http://www.queenalice.com/game.php?id=1641455"]
[Date "2021.1.25"]
[Round "1"]
[White "andrelazcano"]
[Black "caradepau"]
[Result "1-0"]
[WhiteElo "1821"]
[BlackElo "1601"]

1. e4 e5 2. Nf3 Nc6 3. d4 exd4 4. Nxd4 Nge7 5. Bc4 h6 6. Qf3 Ne5 7. Qb3 Nxc4 8.
Qxc4 a6 9. Nc3 b5 10. Qb3 Ng6 11. a3 Bc5 12. Nf5 O-O 13. Nxb5 axb5 14. Qc3 Qf6
15. Qxc5 c6 16. O-O Ne5 17. Rd1 Qe6 18. Rd6 Qe8 19. Bxh6 gxh6 20. Nxh6+ Kh7 21.
f4 Ng6 22. Ng4 Qe7 23. Qh5+ Kg8 24. Nf6+ Qxf6 25. Rxf6 Bb7 26. f5 d5 27. fxg6
Kg7 28. Qg5 fxg6 29. Qxg6+ Kh8 30. Qh5+ Kg8 31. Qg5+ Kh7 32. Rh6# 1-0

[Event "AUTO-OPEN-4252"]
[Site "http://www.queenalice.com/game.php?id=1641456"]
[Date "2021.1.25"]
[Round "1"]
[White "caradepau"]
[Black "andrelazcano"]
[Result "0-1"]
[WhiteElo "1628"]
[BlackElo "1812"]

1. e4 e5 2. Nf3 Nc6 3. a3 d5 4. exd5 Qxd5 5. Nc3 Qe6 6. h3 h6 7. Bb5 Bd7 8. O-O
e4 9. Re1 Nf6 10. a4 g5 11. d3 Ne5 12. Bxd7+ Nfxd7 13. Nb5 Qc6 14. Nxe5 Nxe5 15.
dxe4 a6 16. f4 gxf4 17. Bxf4 axb5 18. Bxe5 Rg8 19. axb5 Rxa1 20. Qxa1 Qc5+ 21.
Kf1 Qxe5 22. Qa8+ Ke7 23. Qxb7 Rg3 24. b6 Qf4+ 25. Kg1 Kf6 26. Qc6+ Kg7 27. bxc7
Qf3 28. c8=Q Qxg2# 0-1

[Event "AUTO-ADV-4456"]
[Site "http://www.queenalice.com/game.php?id=1641495"]
[Date "2021.1.26"]
[Round "1"]
[White "CERVERO"]
[Black "andrelazcano"]
[Result "1-0"]
[WhiteElo "1914"]
[BlackElo "1744"]

1. d4 d5 2. c4 dxc4 3. e3 b5 4. a4 c6 5. axb5 cxb5 6. Qf3 Qc7 7. Qxa8 Nc6 8. Nc3
e5 9. d5 Qb7 10. Qxb7 Bxb7 11. dxc6 Bxc6 12. Nf3 Bd6 13. Rxa7 Nf6 14. Be2 O-O
15. O-O h6 16. Rd1 Bb8 17. Ra1 Ng4 18. h3 e4 19. hxg4 exf3 20. Bxf3 Be8 21. Rd8
Be5 22. Raa8 g5 23. Rxe8 1-0

[Event "AUTO-ADV-4456"]
[Site "http://www.queenalice.com/game.php?id=1641496"]
[Date "2021.1.26"]
[Round "1"]
[White "andrelazcano"]
[Black "CERVERO"]
[Result "1-0"]
[WhiteElo "1735"]
[BlackElo "1915"]

1. e4 c5 2. Nc3 d6 3. Nf3 Nf6 4. d4 cxd4 5. Qxd4 Nc6 6. Qe3 e6 7. Bb5 Be7 8. e5
Nd5 9. Nxd5 exd5 10. Nd4 Bd7 11. Bxc6 Bxc6 12. exd6 Qxd6 13. O-O Kd8 14. Nf5 Qf6
15. Re1 Re8 16. Qh3 Bd7 17. g4 Bxf5 18. gxf5 h6 19. c3 Bd6 20. Be3 Kc7 21. Rad1
b6 22. Rxd5 Rad8 23. Qf1 Kb8 24. Rb5 g6 25. f4 Qg7 26. Bd4 Qg8 27. f6 Rxe1 28.
Qxe1 Bxf4 29. Bxb6 axb6 30. Rxb6+ Ka7 31. Rb4 Rd2 32. Qe7+ 1-0

[Event "AUTO-ADV-4456"]
[Site "http://www.queenalice.com/game.php?id=1641511"]
[Date "2021.1.26"]
[Round "1"]
[White "Artking"]
[Black "andrelazcano"]
[Result "1-0"]
[WhiteElo "2084"]
[BlackElo "1726"]

1. Nf3 d5 2. d4 Nc6 3. Bf4 h6 4. Nc3 g5 5. Bg3 Bg7 6. e3 f5 7. Ne5 Nxe5 8. dxe5
e6 9. h4 g4 10. h5 Ne7 11. Nb5 Nc6 12. Nd4 Nxe5 13. Bb5+ c6 14. Be2 c5 15. Bb5+
Bd7 16. Nxe6 Qb6 17. Nxg7+ Kf7 18. Qxd5+ Kxg7 19. Bxe5+ Kf8 20. Qxd7 Rd8 21.
Qg7# 1-0

[Event "AUTO-ADV-4456"]
[Site "http://www.queenalice.com/game.php?id=1641512"]
[Date "2021.1.26"]
[Round "1"]
[White "andrelazcano"]
[Black "Artking"]
[Result "0-1"]
[WhiteElo "1756"]
[BlackElo "2109"]

1. e4 c5 2. b3 Nc6 3. c3 Nf6 4. Ba3 b6 5. b4 Nxe4 6. Qf3 d5 7. c4 Ne5 8. Qb3
dxc4 9. Bxc4 Nxc4 10. Qxc4 Nd6 11. Qb3 c4 12. Qc3 Bb7 13. f3 Nb5 14. Qxc4 Nxa3
15. Nxa3 Rc8 16. Qf4 e6 17. Nc4 Bxb4 18. Rc1 O-O 19. Ne2 e5 20. Nxe5 Rxc1+ 21.
Nxc1 Ba6 22. Qxb4 Re8 23. d4 Qh4+ 24. g3 Rxe5+ 25. Kf2 Qe7 26. Qb2 Re3 27. Rd1
Bb7 28. d5 h5 29. h3 Qc5 30. Rd4 Rc3 31. Ne2 Rc2 32. Qa1 Ba6 33. Kg1 Bxe2 34. g4
Rc1+ 0-1

[Event "AUTO-ADV-4456"]
[Site "http://www.queenalice.com/game.php?id=1641523"]
[Date "2021.1.26"]
[Round "1"]
[White "andrelazcano"]
[Black "jagiellonczyk"]
[Result "1-0"]
[WhiteElo "1793"]
[BlackElo "1996"]

1. e4 e5 2. Nf3 Nc6 3. Nc3 Nf6 4. d4 d6 5. d5 Ne7 6. Bb5+ c6 7. dxc6 bxc6 8. Ba4
Bd7 9. Qxd6 Ng6 10. Qd3 Bb4 11. Bb3 O-O 12. O-O Nf4 13. Bxf4 Bxc3 14. Bxe5 Bxe5
15. Nxe5 Re8 16. Bxf7+ Kh8 17. Bxe8 Qxe8 18. Nxd7 Nxd7 19. Rad1 Ne5 20. Qc3 Rc8
21. f4 Ng4 22. e5 c5 23. Rd6 Qh5 24. h3 Nh6 25. Rd7 a6 26. e6 Qe8 27. Qxg7# 1-0

[Event "AUTO-ADV-4456"]
[Site "http://www.queenalice.com/game.php?id=1641524"]
[Date "2021.1.26"]
[Round "1"]
[White "jagiellonczyk"]
[Black "andrelazcano"]
[Result "1-0"]
[WhiteElo "1951"]
[BlackElo "1817"]

1. e4 e5 2. Nf3 Nc6 3. Nc3 d6 4. Bb5 Bd7 5. Bxc6 Bxc6 6. O-O f5 7. exf5 Qf6 8.
d3 Qxf5 9. Re1 Bxf3 10. Qxf3 Qxf3 11. gxf3 Nf6 12. d4 O-O-O 13. dxe5 Re8 14. Bf4
Nh5 15. Bg3 Re6 16. exd6 Rg6 17. Re8+ Kd7 18. dxc7 Rc6 19. Rd8+ Ke6 20. Re1+ Kf7
21. c8=Q Rxc8 22. Rxc8 a5 23. Rc7+ Kg6 24. Rxb7 Bb4 25. Be5 Kf5 26. Bxg7 Rg8 27.
Rb5+ Kf4 28. Re4+ Kxf3 29. Rf5+ Nf4 30. Rfxf4# 1-0

[Event "AUTO-OPEN-4233"]
[Site "http://www.queenalice.com/game.php?id=1650499"]
[Date "2021.4.23"]
[Round "2"]
[White "Vedovanera"]
[Black "andrelazcano"]
[Result "1-0"]
[WhiteElo "2148"]
[BlackElo "1830"]

1. e4 e5 2. Nf3 Nc6 3. d4 exd4 4. Bc4 h6 5. O-O Qf6 6. c3 Bc5 7. b4 Bb6 8. e5
Qe7 9. Re1 Nxb4 10. cxb4 Qxb4 11. Nbd2 Qc3 12. Rb1 Ne7 13. Rb3 Qa5 14. Rb5 Qa6
15. Rb4 Qa5 16. Ra4 Qc5 17. Ba3 Qc6 18. Ne4 Qg6 19. Nd6+ Kf8 20. Bxf7 Qh7 21.
Bb3 cxd6 22. exd6 Nf5 23. Qe2 g5 24. Qe8+ Kg7 25. Qf7# 1-0

[Event "AUTO-OPEN-4252"]
[Site "http://www.queenalice.com/game.php?id=1762607"]
[Date "2021.6.19"]
[Round "2"]
[White "andrelazcano"]
[Black "danielglowinski"]
[Result "0-1"]
[WhiteElo "1832"]
[BlackElo "2491"]

1. e4 c5 2. Nc3 Nc6 3. f3 Nf6 4. Bc4 e6 5. Nge2 d5 6. exd5 exd5 7. Bb5 Bd7 8.
Bxc6 Bxc6 9. d3 Be7 10. O-O O-O 11. b3 d4 12. Na4 Nd5 13. Nf4 Ne3 14. Bxe3 dxe3
15. c4 Re8 16. Re1 Bd6 17. g3 Qg5 18. d4 Bxf4 19. Nxc5 Bxg3 20. hxg3 Qxg3+ 21.
Kf1 Qf2# 0-1

[Event "AUTO-OPEN-4252"]
[Site "http://www.queenalice.com/game.php?id=1762608"]
[Date "2021.6.19"]
[Round "2"]
[White "danielglowinski"]
[Black "andrelazcano"]
[Result "1-0"]
[WhiteElo "2505"]
[BlackElo "1824"]

1. e4 e5 2. Nf3 d6 3. d4 exd4 4. Nxd4 Nf6 5. Nc3 c5 6. Bb5+ Bd7 7. Nf5 Bxb5 8.
Nxb5 Nxe4 9. Qe2 d5 10. Bf4 Na6 11. f3 g6 12. Nfd6+ Bxd6 13. Nxd6+ Ke7 14. fxe4
d4 15. O-O Qb6 16. Nxf7 Rhf8 17. Qc4 Nc7 18. Bg5+ Ke8 19. e5 Ne6 20. Rf6 Nxg5
21. Rxb6 axb6 22. Nxg5 h5 23. Qe6+ Kd8 24. Rf1 1-0

[Event "AUTO-OPEN-4238"]
[Site "http://www.queenalice.com/game.php?id=1771636"]
[Date "2021.10.7"]
[Round "2"]
[White "clovis"]
[Black "andrelazcano"]
[Result "0-1"]
[WhiteElo "2162"]
[BlackElo "1806"]

1. e4 e5 2. Bc4 f6 3. Nf3 c6 4. Nxe5 d5 5. Qh5+ g6 6. Nxg6 dxc4 7. Nxh8+ Kd7 8.
d3 cxd3 9. Qg4+ Kc7 10. Qxg8 Bb4+ 0-1

[Event "AUTO-OPEN-4238"]
[Site "http://www.queenalice.com/game.php?id=1771637"]
[Date "2021.10.7"]
[Round "2"]
[White "andrelazcano"]
[Black "clovis"]
[Result "0-1"]
[WhiteElo "1827"]
[BlackElo "2161"]

1. e4 e5 2. Nf3 Nc6 3. d3 Bc5 4. b3 d6 5. h3 Nf6 6. Nc3 O-O 7. Bg5 Be6 8. Nd5
Nd4 9. Bxf6 gxf6 10. Nxd4 Bxd4 11. Rb1 c6 12. Ne3 Bc3+ 13. Ke2 d5 14. f3 dxe4
15. fxe4 Kh8 16. g4 Rg8 17. Bg2 Bd4 0-1